[Event "Mumbai Mayors Cup 1st"]
[Site "Mumbai"]
[Date "2008.05.19"]
[Round "11"]
[White "Dahale, Atul"]
[Black "Thapa, Uttam Raj"]
[Result "0-1"]
[WhiteElo "2118"]
[BlackElo "1853"]
[PlyCount "102"]
[EventDate "2008.05.11"]
[EventType "swiss"]
[EventRounds "11"]
[EventCountry "IND"]
[SourceTitle "CBM 124 Extra"]
[Source "ChessBase"]
[SourceDate "2008.07.03"]
[SourceVersion "1"]
[SourceVersionDate "2008.07.03"]
[SourceQuality "1"]

1. d4 d5 2. c4 c6 3. Nc3 Nf6 4. Nf3 e6 5. Bg5 h6 6. Bh4 g5 7. Bg3 dxc4 8. e3 b5 9. Ne5 Bb4 10. Qc2 Bb7 11. Be2 Nbd7 12. 0-0 h5 13. h4 Bxc3 14. bxc3 Nd5 15. Nf3 g4 16. Ng5 Qe7 17. e4 N5b6 18. e5 c5 19. Ne4 Bxe4 20. Qxe4 cxd4 21. cxd4 Rc8 22. f3 Nd5 23. fxg4 Nc3 24. Qc2 Nxe2+ 25. Qxe2 hxg4 26. Qxg4 Nb6 27. Rf3 c3 28. h5 Nd5 29. Bh4 Qf8 30. Bg5 Qg7 31. Qh4 c2 32. Rc1 Qh7 33. h6 Nc3 34. Qe1 b4 35. Qf1 Qg6 36. Bf6 Qxh6 37. Ra1 Qh1+ 38. Kf2 Qxf1+ 39. Rxf1 Nd1+ 40. Kg1 c1Q 41. Bxh8 Rc2 42. Rxf7 Rxg2+ 43. Kxg2 Ne3+ 44. Kg1 Nxf1 45. Rxf1 Qg5+ 46. Kf2 Qh4+ 47. Ke2 Qxh8 48. Rf6 Ke7 49. Kd3 Qc8 50. Ke4 Qc2+ 51. Kf4 Qxa2 0-1

[Event "Mumbai Mayors Cup 1st"]
[Site "Mumbai"]
[Date "2008.05.12"]
[Round "3"]
[White "Saurabh, Kherdekar"]
[Black "Thapa, Uttam Raj"]
[Result "1-0"]
[WhiteElo "2259"]
[BlackElo "1853"]
[PlyCount "99"]
[EventDate "2008.05.11"]
[EventType "swiss"]
[EventRounds "11"]
[EventCountry "IND"]
[SourceTitle "CBM 124 Extra"]
[Source "ChessBase"]
[SourceDate "2008.07.03"]
[SourceVersion "1"]
[SourceVersionDate "2008.07.03"]
[SourceQuality "1"]

1. d4 d5 2. Nf3 Nf6 3. c4 c6 4. Qc2 e6 5. Bg5 Nbd7 6. e3 Bd6 7. Nc3 0-0 8. cxd5 exd5 9. Bd3 Qc7 10. 0-0-0 b5 11. Kb1 b4 12. Na4 a5 13. Rc1 Ba6 14. Bxf6 Bxd3 15. Qxd3 Nxf6 16. Nd2 Rfe8 17. Rc2 Qb7 18. h3 Rac8 19. Rhc1 Rc7 20. g4 Bf8 21. Nb3 Ra8 22. Nbc5 Qb5 23. g5 Bxc5 24. Qxb5 cxb5 25. Nxc5 Ne8 26. Nb3 Rc4 27. Nd2 Rac8 28. Nxc4 dxc4 29. e4 Nd6 30. f3 a4 31. b3 c3 32. d5 Kf8 33. Rd1 f5 34. gxf6 gxf6 35. Rd4 a3 36. Rxb4 Rc5 37. Rd4 Rc7 38. Rg2 Rb7 39. Rb4 Nf7 40. f4 Nd6 41. Kc2 f5 42. e5 Ne4 43. d6 Kf7 44. Rxe4 fxe4 45. Kxc3 Ke6 46. Kd4 Kf5 47. Kd5 e3 48. e6 Kxf4 49. e7 Kf3 50. Rc2 1-0

[Event "Mumbai Mayors Cup 1st"]
[Site "Mumbai"]
[Date "2008.05.11"]
[Round "1"]
[White "Mollah Abdullah, Al Rakib"]
[Black "Thapa, Uttam Raj"]
[Result "1-0"]
[WhiteElo "2514"]
[BlackElo "1853"]
[PlyCount "100"]
[EventDate "2008.05.11"]
[EventType "swiss"]
[EventRounds "11"]
[EventCountry "IND"]
[SourceTitle "CBM 124 Extra"]
[Source "ChessBase"]
[SourceDate "2008.07.03"]
[SourceVersion "1"]
[SourceVersionDate "2008.07.03"]
[SourceQuality "1"]

1. d4 d5 2. c4 c6 3. Nc3 Nf6 4. e3 Bf5 5. cxd5 cxd5 6. Qb3 Qb6 7. Nxd5 Qxb3 8. Nxf6+ exf6 9. axb3 Nc6 10. Nf3 Bd6 11. Bc4 0-0 12. 0-0 Nb4 13. Bd2 Be4 14. Bc3 a6 15. Nd2 Bc6 16. Be2 Nd5 17. Nc4 Be7 18. Na5 Rac8 19. Rfc1 b5 20. Nxc6 Rxc6 21. Bf3 Nxc3 22. bxc3 Rb6 23. c4 bxc4 24. bxc4 f5 25. c5 Rb2 26. d5 Rd2 27. d6 Bxd6 28. cxd6 Rxd6 29. Rc6 Rxc6 30. Bxc6 Rd8 31. g3 g6 32. Rxa6 Kg7 33. Kg2 h6 34. Ra7 Kf6 35. Bb5 Rc8 36. Rb7 Kg7 37. Ba4 Kf6 38. Bb3 Rf8 39. Kf3 Kg7 40. g4 fxg4+ 41. Kxg4 Kf6 42. e4 h5+ 43. Kh4 g5+ 44. Kxh5 Rh8+ 45. Kg4 Rxh2 46. Rxf7+ Kg6 47. e5 Rh4+ 48. Kg3 Rb4 49. Rf3 g4 50. Re3 Kf5 1-0